000 00496nam a22001937a 4500
003 MPLRDC
005 20220104123403.0
008 210129b ||||| |||| 00| 0 eng d
020 _a957-809-067-6
082 _a889 CXXS v.35
100 _aBARBARA HAZARD
245 _a我爱芳邻
_c纪谦译
250 _a初版
260 _a
_b禾扬出版社版有限公司
_c1996
300 _b
490 _a畅销小说. 35
650 _a西洋小说之中文翻译
942 _cBK
_o889 CXXS v.35
999 _c11013
_d11003